1641 1438 1597 1874 1010 1048 1393 1678 1050 1748 1258 1104 1353 1832 1184 1648 1295 1842 1172 1668 1894 1878 1926 1832 1012 1710 1953 1007 1459 1405 1909 1469 1137 1095 1026 1491 1480 1206 1925 1382 1617 1208 1907 1876 1054 1008 1332 1166 1788 1778 1024 1734 1639 1910 1978 1501 1384 1163 1926 1655 1319 1944 1139 1119 1370 1741 1167 1900 1413 1369 1101 1985 1580 1776 1187 1486 1093 1157 1538 1160 1175 1303 1375 1148 1012 1179 1388 1599 1312 1474 1805 1007 1389 1130 1442 1836 1191 1961 1342 BCNSPRNW ULIB Ver.6.0+V

เปลี่ยนเป็นภาษาไทย

Change to English
 แสดงรายละเอียดบรรณานุกรม
  กลับหน้าหลัก

Brief Record : Get Marc (ISO 2709) : E-mail record : QR code < ปิดหน้าต่าง
LEADER : 00000nam 2200000uu 4500
001    13399111436
003     ULIB
008    110627s||||||||th 000 0 tha d
020    9786165020640
090    นว.^bญ242ธ 2554
100 0  ญาณา
245 00 ธาราหัวใจ/^cญาณา
250    พิมพ์ครั้งที่ 1
260    กรุงเทพฯ :^bSugar Beat,^c2554
300    367 หน้า
945    ^p230^l0^i030181
995    ทศพร
999 ^a ใช้งานได้ทุกระบบ
รายการนี้ยังไม่มีแท็ก
คุณยังไม่ได้ล็อกอิน คุณสามารถมีกิจกรรมร่วมกับเว็บไซต์ได้ แต่ต้องล็อกอินก่อน ::
  ล็อกอิน

รายการสื่อสารสนเทศ

ลำดับที่ ประเภท เลขเรียก/บาร์โค้ด สถานที่ สถานะ
- ไม่พบข้อมูล -

รายการใกล้เคียง
    ผู้แต่ง [ญาณา]

BibComment


ยังไม่เคยถูกคอมเมนท์

คอมเมนท์ทรัพยากรรายการนี้
  คอมเมนท์: ธาราหัวใจ ญาณา


 Copyright 2026. Bcnsprnw @Library